logo

Bir Sreshtho Munshi Abdur Rouf Library
Jhenaidah Cadet College

এসলাহে নফস : (Record no. 6284)

MARC details
000 -LEADER
fixed length control field 00761nam a2200217 a 4500
001 - CONTROL NUMBER
JCCL Control Number 6284
003 - CONTROL NUMBER IDENTIFIER
JCCL marc code BD-JhCC
005 - DATE AND TIME OF LATEST TRANSACTION
control field 20220201134022.0
008 - FIXED-LENGTH DATA ELEMENTS--GENERAL INFORMATION
fixed length control field 180118s1995 bg ||||| ||a| 00| 0 mul d
035 ## - SYSTEM CONTROL NUMBER
system control number (BD-JhCC)6284
040 ## - CATALOGING SOURCE
Original cataloging agency BD-JhCC
Modifying agency BD-JhCC
041 ## - LANGUAGE CODE
Language code of Book eng
082 ## - DEWEY DECIMAL CLASSIFICATION NUMBER
Classification number 297.7
Author mark and Year GAJ 1995
100 ## - MAIN ENTRY--PERSONAL NAME
Personal name গাযযালী (রঃ), হুজ্জাতুল ইসলাম ইমাম
245 ## - TITLE STATEMENT
Title এসলাহে নফস :
Remainder of title আত্নশুদ্ধি /
Statement of responsibility, etc হুজ্জাতুল ইসলাম ইমাম গাযযালী (রঃ),
260 ## - PUBLICATION, DISTRIBUTION, ETC. (IMPRINT)
Place of publication, distribution, etc ঢাকা :
Name of publisher, distributor, etc এম, এইচ, পাবলিকেশন্স,
Date of publication, distribution, etc 1995.
300 ## - PHYSICAL DESCRIPTION
Pagination 118 p. :
Dimensions 24 cm.
650 ## - SUBJECT ADDED ENTRY--TOPICAL TERM
Topical term or geographic name as entry element Islam
942 ## - ADDED ENTRY ELEMENTS (KOHA)
Source of classification or shelving scheme Dewey Decimal Classification
Koha item type Books
Koha issues (borrowed), all copies 6
Holdings
Source of classification or shelving scheme Damaged status Not for loan Home library Current library Shelving location Cost, normal purchase price Total Checkouts Full call number Barcode Date last seen Date checked out Copy number Koha item type
Dewey Decimal Classification     JCC Rouf Library JCC Rouf Library General Stacks 60.00 3 297.7 GAJ 1995 900 09/21/2022 01/31/2022 C - 1 Books

JCC Library | Contacts | JCC Home

Last Update on 23 September 2017
Copyright @ 2017-2020 JCC Rouf Library
Rouf Library, Jhenidah Cadet College (JCC), Bangladesh